000 00325nam a22001457a 4500
005 20180315151959.0
008 180315b xxu||||| |||| 00| 0 eng d
020 _a978-81-203-5220-9
041 _aeng
082 _a658.477
100 _aSULPHEY, M.M.
_94192
245 _aDISASTER MANAGEMENT
300 _a330p
942 _cBK
999 _c5684
_d5682